The metrical history of Sir William Wallace, Knight of Ellerslie, by Henry, commonly called Blind Harry: ... In three volumes.

Bibliographic Details
Main Author: Blind Hary, active 1470-1492
Format: eBook
Language:English
Series:Eighteenth century collections online.
Online Access:Full text online

MARC

Tag First Indicator Second Indicator Subfields
LEADER 00000cam a2200000 4500
001 in00001925156
006 m | d |
007 cr |n||||||||n
008 791208s1790 stk|||| s 00| ||eng d
005 20260403185036.4
035 |a (CStRLIN)ESTCT71686 
040 |a Uk-ES  |c Uk-ES  |d CStRLIN  |d Thomson Gale  |d UtOrBLW 
100 0 |a Blind Hary,  |d active 1470-1492. 
240 1 0 |a Wallace.  |f 1939 
245 1 4 |a The metrical history of Sir William Wallace, Knight of Ellerslie, by Henry, commonly called Blind Harry: ... In three volumes. 
264 3 |a Perth :  |b printed by R. Morison junior, for R. Morison and Son,  |c 1790. 
300 |a 3 volumes,plates :  |b portrait ;  |c 12⁰. 
336 |a text  |b txt  |2 rdacontent 
337 |a computer  |b c  |2 rdamedia 
338 |a online resource  |b cr  |2 rdacarrier 
500 |a Based on the Latin prose history of Wallace by John Blair. 
500 |a With an additional collective titlepage: 'Ye actis and deidis of ye illuster and vailzeand campioun, Shyr Wilham Wallace, Knycht off Elrisle. Perth: printed in the year 1790'. 
500 |a Volume3 has two sequences of pagination, and a final list of subscribers. 
500 |a Reproduction of original from the British Library. 
510 4 |a English Short Title Catalog,  |c ESTCT71686. 
533 |a Electronic reproduction.  |b Farmington Hills, Mich. :  |c Thomson Gale,  |d 2003.  |n Available via the World Wide Web.  |n Access limited by licensing agreements  |7 s2003 miunns 
500 |a Electronic resource. 
830 0 |a Eighteenth century collections online. 
856 4 0 |u http://proxy.library.tamu.edu/login?url=https://galenet.galegroup.com/servlet/ECCO?c=1&stp=Author&ste=11&af=BN&ae=T071686&tiPG=1&dd=0&dc=flc&docNum=CW111346744&vrsn=1.0&srchtp=a&d4=0.33&n=10&SU=0LRK&locID=txshracd2898  |z Full text online  |t 0 
999 |a MARS 
999 f f |s e82d02c5-3fcc-337c-bfdf-cd4051406175  |i e09638f9-c54c-3b47-95a2-5e80e2fb3e67  |t 0 
952 f f |a Texas A&M University  |b College Station  |c Electronic Resources  |s www_evans  |d Available Online  |t 0  |h No information provided 
998 f f |t 0  |l Available Online